| 000 | 00593nam a2200193 i 4500 | ||
|---|---|---|---|
| 001 | 106153 | ||
| 003 | ES-MaACL | ||
| 005 | 20251120063138.0 | ||
| 007 | t| | ||
| 008 | 061003s1969 sp |||| | cat d | ||
| 080 | _a334.73 | ||
| 100 | 1 |
_aPérez Baró, Albert, _d1902-1989 _990657 |
|
| 245 | 1 | 0 |
_aEtica i economía cooperatista / _cAlbert Pérez Baró. |
| 260 |
_aBarcelona : _bCooperativa "Teixidors a Máa", _c[1969] |
||
| 300 |
_a33 p. ; _c21 cm. |
||
| 650 | 1 | 4 |
_aCooperativismo. _911357 |
| 852 |
_aES-MaACL _jAND-Fol-21 _z- Biblioteca Juan Andrade |
||
| 999 |
_c106153 _d106153 |
||